000
00297nam a2200121Ia 4500
008
190216s9999||||xx |||||||||||||| ||und||
100
_a
Janardhanan Pillay .cp
245
0
_a
Third Year Bsc Vectors And Mechanics
260
_b
Ajith Book Center
300
_a
124
650
_a
Physics
942
_c
BK
999
_c
33373
_d
33373